Pokemon Trivia - Statistics

General Stats
  • This quiz has been taken 32 times
  • The average score is 11 of 15
Answer Stats
Question Answer % Correct
What mechanic did Generation 3 introduce in Pokemon? Abilities
100%
What Pokemon is considered to be the God of all Pokemon? Arceus
100%
Which of these types does Eevee NOT evolve into? Ghost
100%
What is the pokemon Eelektross weak to? It's a Trick. None of the Above
100%
What incredibly popular mobile game came out in 2016 that allows you to catch pokemon "in the real world"? Pokemon GO
100%
What is the evolution of the Pokemon Shelgon? Salamence
100%
Which of these villanous teams do you NOT fight in the Pokemon games? Team Sky
100%
Which generation were eggs and the pokemon daycare introduced in? Gen 2
71%
Which type has the most Pokemon in it (including dual types)? Water
71%
Which type has NOT been a specialty of an Elite 4 member or Champion? Electric
57%
Which type has the least Pokemon in it (including dual types)? Ice
57%
Which of these caves do you NOT need to use Flash in to see properly? Union Cave
43%
Which Pokemon generation introduced the Physical/Special split? Gen 4
29%
Which of these Pokemon does NOT have a typing unique to itself or its' evolutionary line? Articuno
14%
Which non-legendary(ultra-beast/mythical too) pokemon has the highest base Attack stat? Mega Form's not included. Rampardos
14%
No matching quizzes found
Score Distribution
Percent of People with Each Score
Percentile by Number Answered
Your Score History
You have not taken this quiz